000 01164nam a2200277 a 4500
001 BRCA_5504
005 20190320205117.0
008 030211s2007----sp-a######---#000-0#spa-#
020 _a087535159X
020 _a9780875351599
041 _aspa
044 _asp
050 4 _aND807
_b.M85 2007
100 1 _aMuller, Priscilla E.
_914068
245 1 0 _aLuz de España
_bcolección de la Hispanic Society of America
_cPriscilla E. Muller ; fichas del catálogo escritas por Priscilla E. Muller y Marcus B. Burke ; con adiciones por Lisa A. Banner.
260 _aEspaña
_bHispanic Society of America : Museo Nacional de Arte INBA
_cc2007
300 _a203 p.
_bil. (algunas a color)
_c29 cm.
500 _aIncluye lista de exposiciones e índice de artistas y obras
500 _aCatálogo de la exposición realizada en Museo Nacional de Arte (Ciudad de México), 5 septiembre - 2 diciembre, 2007
500 _a2do. ejemplar en el Área de Investigación
504 _aBibliografía: p. 189-195
650 1 4 _aPintura española
_vExposiciones
_ySiglo XIX-XX
_914069
700 1 _aBurke, Marcus B.
_92319
700 1 _aBanner, Lisa A.
_914070
942 _2lcc
_cB
999 _c5198
_d5198